| 000 | 00511nam a22001817a 4500 | ||
|---|---|---|---|
| 003 | NUST - PNEC | ||
| 005 | 20170116180812.0 | ||
| 008 | 150506b xxu||||| |||| 00| 0 eng d | ||
| 020 | _a9694280141 | ||
| 040 | _cLIBRARY | ||
| 082 | _a297.122 HAQ | ||
| 100 |
_93468 _aHaqani Mian Qadri |
||
| 245 |
_aQuran science aur tehzeeb-o-tamadun _cDr. Hafiz Haqani Mian Qadri |
||
| 260 |
_aKarachi: _bDaraul Ashaat, _cc1999. |
||
| 300 |
_a564 p. : _c23 cm. |
||
| 650 |
_93469 _aQuran, Science _xGeneral |
||
| 942 |
_2ddc _cBK |
||
| 999 |
_c63416 _d63416 |
||